British Sitcoms and Their Actors - Statistics

General Stats
  • This quiz has been taken 762 times
  • The average score is 4 of 10
Answer Stats
Hint Answer % Correct
Andrew Sachs (Fawlty Towers) Manuel
91%
Buster Merryfield (Only Fools and Horses) Uncle Albert
78%
Michael Crawford (Some Mothers Do 'Ave 'Em) Frank Spencer
72%
Felicity Kendal (The Good Life) Barbara Good
49%
Doreen Mantle (One Foot in the Grave) Jean Warboys
29%
Maxine Peake (dinnerladies) Twinkle
28%
Diane Holland (Hi-De-Hi!) Yvonne Stuart-Hargreaves
15%
Roger Lloyd-Pack (The Vicar of Dibley) Owen Newitt
10%
Amelia Bullmore (I'm Alan Partridge) Sonia
4%
James Dreyfus (Gimme Gimme Gimme) Tom Farrell
3%
No matching quizzes found
Score Distribution
Percent of People with Each Score
Percentile by Number Answered
Your Score History
You have not taken this quiz